Search the Library Catalogue
| 000 -LEADER | |
|---|---|
| fixed length control field | 00556nam a2200193Ia 4500 |
| 008 - FIXED-LENGTH DATA ELEMENTS--GENERAL INFORMATION | |
| fixed length control field | 191130s2002##################000#0#eng## |
| 020 ## - INTERNATIONAL STANDARD BOOK NUMBER | |
| ISBN | 9781580420754 |
| 082 ## - DEWEY DECIMAL CLASSIFICATION NUMBER | |
| Classification number | 794.12 ROB |
| 100 ## - MAIN ENTRY--AUTHOR NAME | |
| Personal name | Robertie, Bill |
| 245 ## - TITLE STATEMENT | |
| Title | Winning chess tactics : learn the secrets of tactical chess today! |
| Statement of responsibility, etc | Bill Robertie |
| 260 ## - PUBLICATION, DISTRIBUTION, ETC. (IMPRINT) | |
| Place of publication | Brooklyn, NY |
| Name of publisher | Cardoza Publishing |
| Year of publication | 2002 |
| 300 ## - PHYSICAL DESCRIPTION | |
| Number of Pages | 144 p. : ill. ; 22 cm |
| 650 ## - SUBJECT ADDED ENTRY--TOPICAL TERM | |
| Topical Term | Chess |
| 991 ## - | |
| -- | 335309 |
| Withdrawn status | Lost status | Damaged status | Not for loan | Home library | Current library | Shelving location | Date acquired | Full call number | Accession Number | Price effective from | Koha item type |
|---|---|---|---|---|---|---|---|---|---|---|---|
| Anna Centenary Library | Anna Centenary Library | 6TH FLOOR, B WING | 09.10.2020 | 794.12 ROB | 456946 | 09.10.2020 | English Books |